Life cycle costing and risk management (Record no. 8843)

MARC details
000 -LEADER
fixed length control field 00939cab a2200229 4500
001 - CONTROL NUMBER
control field ABS39004
008 - FIXED-LENGTH DATA ELEMENTS--GENERAL INFORMATION
fixed length control field 090401t1987 xxu||||| |||| 00| 0 eng d
035 ## - SYSTEM CONTROL NUMBER
System control number (Sirsi) u13730
041 ## - LANGUAGE CODE
Language code of text/sound track or separate title eng
100 ## - MAIN ENTRY--PERSONAL NAME
Personal name Flanagan, R.
245 ## - TITLE STATEMENT
Title Life cycle costing and risk management
260 ## - PUBLICATION, DISTRIBUTION, ETC.
Date of publication, distribution, etc. 1987
350 ## - PRICE (NR) (BK AM CF MU VM SE) [OBSOLETE]
Price 0
490 ## - SERIES STATEMENT
Series statement Construction Management & Economics
Volume/sequential designation Special Edition 1987, S53-S71(19)
520 ## - SUMMARY, ETC.
Summary, etc. Outlines various risk management systems and discusses how techniques can be incorporated in life cycle costing . Examines two techniques - sensitivity and probability analysis, and shows how they can be used to enhance a life cycle costing system. Finally the use of sensitivity analysis is described by means of a case study of building finishes. References. Figures.
690 ## - LOCAL SUBJECT ADDED ENTRY--TOPICAL TERM (OCLC, RLIN)
Topical term or geographic name as entry element BUILT ENVIRONMENT
700 ## - ADDED ENTRY--PERSONAL NAME
Personal name Kendall, A.
700 ## - ADDED ENTRY--PERSONAL NAME
Personal name Norman, G.
700 ## - ADDED ENTRY--PERSONAL NAME
Personal name Robinson, G.D.
942 ## - ADDED ENTRY ELEMENTS (KOHA)
Suppress in OPAC 0
948 ## - LOCAL PROCESSING INFORMATION (OCLC); SERIES PART DESIGNATOR (RLIN)
c (OCLC) 04/03/1997
Holdings
Withdrawn status Lost status Source of classification or shelving scheme Damaged status Not for loan Home library Current library Shelving location Date acquired Total Checkouts Full call number Barcode Date last seen Copy number Price effective from Koha item type
    Dewey Decimal Classification     London London Journal article 14/09/1999   ABS39004 13730-1001 06/08/2019 1 06/08/2019 Journal article